Atlas of islamic history (Registro nro. 31924)
[ vista simple ]
| 000 -LÍDER | |
|---|---|
| Campo fijo de descripción fija | 002570000a22001210004500 |
| 041 0# - CÓDIGO DE IDIOMA | |
| Código de idioma para texto/pista de sonido o título separado | |
| 082 04 - NÚMERO DE CLASIFICACIÓN DECIMAL DEWEY | |
| Número de clasificación | R 903 A8813a |
| 001 - NÚMERO DE CONTROL | |
| Campo de control | 394 |
| 245 10 - TÍTULO | |
| Título del Material | Atlas of islamic history |
| 300 ## - DESCRIPCIÓN FÍSICA | |
| Extensión | 48 Pag. |
| 650 14 - ASIENTO SECUNDARIO DE MATERIA - TERMINO TEMÁTICO | |
| Término temático o nombre geográfico como elemento de entrada | PAISES ISLAMICOS - HISTORIA \ ATLAS |
| 942 ## - TIPO DE MATERIAL (KOHA) | |
| Tipo de Item KOHA | Libros General |
| Estado de Material | Estado de Perdido | Estado de Dañado | No para Préstamo | Colección | Tomo | Biblioteca de Origen | Biblioteca Permanente | Fecha de Adquisición | Total de Préstamos | Signatura Topográfica | Código de Barras | Última vez visto | Ejemplar/Existencia | Fecha de Remplazo | Tipo de Material |
|---|---|---|---|---|---|---|---|---|---|---|---|---|---|---|---|
| Colección de Referencia | Biblioteca FUSBC | Biblioteca FUSBC | 14/09/2004 | R 903 A8813a | 8766 | 05/03/2024 | 1 | 26/01/2016 | Libros de Referencia |
